Cambridge IELTS 7 with answers : examination papers from university of cambridge esol examinations (Record no. 491116)
[ view plain ]
| 000 -LEADER | |
|---|---|
| fixed length control field | 00481nam a22001577a 4500 |
| 020 ## - INTERNATIONAL STANDARD BOOK NUMBER | |
| International Standard Book Number | 9780521739177 |
| 082 ## - DEWEY DECIMAL CLASSIFICATION NUMBER | |
| Classification number | 428.0076 JAK |
| 100 ## - MAIN ENTRY--PERSONAL NAME | |
| Personal name | Jakeman, Vanessa |
| 245 ## - TITLE STATEMENT | |
| Title | Cambridge IELTS 7 with answers : examination papers from university of cambridge esol examinations |
| 260 ## - PUBLICATION, DISTRIBUTION, ETC. | |
| Place of publication, distribution, etc. | UK |
| Name of publisher, distributor, etc. | Cambridge University Press, |
| Date of publication, distribution, etc. | 2009 |
| 300 ## - PHYSICAL DESCRIPTION | |
| Extent | 176 p. |
| Accompanying material | CD-ROM |
| 490 ## - SERIES STATEMENT | |
| Series statement | Ielts practice tests. |
| 650 ## - SUBJECT ADDED ENTRY--TOPICAL TERM | |
| Topical term or geographic name entry element | Examination Papers IELTS |
| 700 ## - ADDED ENTRY--PERSONAL NAME | |
| Personal name | McDowell, Clare |
| 942 ## - ADDED ENTRY ELEMENTS (KOHA) | |
| Koha item type | Book |
| Withdrawn status | Lost status | Damaged status | Not for loan | Collection code | Permanent Location | Current Location | Shelving location | Date acquired | Source of acquisition | Total Checkouts | Total Renewals | Full call number | Barcode | Date last seen | Date last checked out | Price effective from | Koha item type |
|---|---|---|---|---|---|---|---|---|---|---|---|---|---|---|---|---|---|
| Central Library (CL) | Central Library (CL) | General Stacks | 03/21/2018 | Donation | 11 | 6 | 428.0076 JAK | SEECSD01379 | 02/19/2026 | 08/19/2025 | 03/30/2018 | Book |
